000 00569nam a22002057a 4500
003 OSt
005 20210421074701.0
008 210226s1965 ||||| |||| 00| 0 eng d
040 _aeng
_beng
_cDLC
041 _aeng
080 _a77
_bB-90
100 _91140
_aBruce, Finn. Helen
245 _aYour Guide to Photography: A Complete Handbook
_c/ by: Barnes and Noble Inc
260 _aNew York
_bBarnes and Noble Inc
_c1965
300 _a311 p.
_bill.
365 _b1.95 usd
650 0 _9847
_aPhotography
653 _aფოტოგრაფია
942 _2udc
_cBK
999 _c1747
_d1747